| 000 | 00969nam a2200217 u 4500 | ||
|---|---|---|---|
| 001 | 000287100 | ||
| 003 | AM-YeHGA | ||
| 005 | 20250617125824.0 | ||
| 008 | 031124s1989 ||| r 000 0 rus d | ||
| 020 | _a5746404055 | ||
| 040 | _aAM-YeHGA | ||
| 041 | 0 | _arus | |
| 245 | 0 | 0 |
_aБиблиографическая работа вузовских библиотек / _cРедкол.: Г.А. Аухадиева (отв. ред.) В.И. Шишкин. |
| 260 |
_aКазань : _bИзд-во Казан. ун-та, _c1989. |
||
| 300 | _a46 с. | ||
| 504 | _aБиблиогр. в примеч. | ||
| 653 | 0 | _aБиблиография - Методика преподавания - Сборники | |
| 653 | 0 | _aБиблиотеки высших учебных заведений -Пропаганда библиотечно - библиографических знаний - Сборники | |
| 700 | 1 |
_aАухадиева, Г.А. _eред. _4edt |
|
| 090 | _c106478 | ||
| 999 |
_c105154 _d105154 |
||